| 000 | 00691nam a2200205 i 4500 | ||
|---|---|---|---|
| 001 | 22452 | ||
| 003 | ES-MaACL | ||
| 005 | 20240127062957.0 | ||
| 007 | t| | ||
| 008 | 021203s1965 sp ||||1| spa d | ||
| 100 | 0 |
_aDante Alighieri, _d1265-1321 _942657 |
|
| 245 | 1 | 3 |
_aLa divina comedia / _cDante Alighieri ; preámbulo, traducción y notas de Antonio J. Onieva ; ilustrada por Vaquero Turcios. |
| 250 | _aEd. bilingüe. | ||
| 260 |
_aMadrid : _bBiblioteca Nueva, _c1965. |
||
| 300 |
_a3 v. : _blám. col. y n. ; _c32 cm. |
||
| 700 | 1 |
_aOnieva, Antonio J. _987081 |
|
| 700 | 1 |
_aVaquero Turcios, Joaquín. _9113104 |
|
| 852 |
_aES-MaACL _jC-27535-37 |
||
| 999 |
_c22452 _d22452 |
||